| 000 | 00426nam a2200181Ia 4500 | ||
|---|---|---|---|
| 001 | 9937 | ||
| 005 | 20260306161755.0 | ||
| 008 | 260306t2005||||xx |||||||||||||| ||spa|| | ||
| 041 | _aESP | ||
| 082 |
_a808.8 _bO693LL |
||
| 100 |
_aAristotelis _eAUT |
||
| 245 | 0 | _aDe caelo. Libri quattuor | |
| 260 | _c2005 | ||
| 300 |
_axii, páginas sin numerar : _c19 cm. |
||
| 650 | _aGEN | ||
| 654 | _aCHU | ||
| 942 |
_cLIB _dJUS _fJUS _2ddc _n |
||
| 999 |
_c9937 _d9937 |
||